logo

Bir Sreshtho Munshi Abdur Rouf Library
Jhenaidah Cadet College

বিজ্ঞান ও প্রযুক্তিতে দৃষ্টিভঙ্গি ও অনুশীলনের ইসলামায়ন / (Record no. 10310)

MARC details
000 -LEADER
fixed length control field 00994nam a2200253 a 4500
001 - CONTROL NUMBER
JCCL Control Number 10310
003 - CONTROL NUMBER IDENTIFIER
JCCL marc code BD-JhCC
005 - DATE AND TIME OF LATEST TRANSACTION
control field 20190418134017.0
008 - FIXED-LENGTH DATA ELEMENTS--GENERAL INFORMATION
fixed length control field 180423s2008 bg |||| b||| 00| 0 ben d
020 ## - INTERNATIONAL STANDARD BOOK NUMBER
International Standard Book Number 9847010300086
035 ## - SYSTEM CONTROL NUMBER
system control number (BD-JhCC)10310
040 ## - CATALOGING SOURCE
Original cataloging agency BD-JhCC
Modifying agency BD-JhCC
041 ## - LANGUAGE CODE
Language code of Book ben
082 ## - DEWEY DECIMAL CLASSIFICATION NUMBER
Classification number 297
Author mark and Year BIG 2008
245 ## - TITLE STATEMENT
Title বিজ্ঞান ও প্রযুক্তিতে দৃষ্টিভঙ্গি ও অনুশীলনের ইসলামায়ন /
Statement of responsibility, etc এম এ কে লোদী, ; মোঃ খায়রুল আলম [অনু:]
260 ## - PUBLICATION, DISTRIBUTION, ETC. (IMPRINT)
Place of publication, distribution, etc ঢাকা :
Name of publisher, distributor, etc বাংলাদেশ ইনস্টিটিউট অব ইসলামিক থ্যট,
Date of publication, distribution, etc ২০০৮.
300 ## - PHYSICAL DESCRIPTION
Pagination 142 P. :
Dimensions 22 cm.
504 ## - BIBLIOGRAPHY, ETC. NOTE
Bibliography, etc Including Bibliographical Reference.
650 ## - SUBJECT ADDED ENTRY--TOPICAL TERM
Topical term or geographic name as entry element Islam
700 ## - ADDED ENTRY--PERSONAL NAME
Personal name লোদী, এম এ কে
700 ## - ADDED ENTRY--PERSONAL NAME
Personal name আলম, মোঃ খায়রুল
942 ## - ADDED ENTRY ELEMENTS (KOHA)
Source of classification or shelving scheme Dewey Decimal Classification
Koha item type Books
Koha issues (borrowed), all copies 1
Holdings
Source of classification or shelving scheme Damaged status Not for loan Home library Current library Shelving location Date of accession Cost, normal purchase price Total Checkouts Full call number Barcode Date last seen Date checked out Copy number Koha item type
Dewey Decimal Classification     JCC Rouf Library JCC Rouf Library General Stacks 04/23/2018 150.00 1 297 BIG 2008 13586 07/04/2019 04/18/2019 C-1 Books
Dewey Decimal Classification     JCC Rouf Library JCC Rouf Library General Stacks 04/23/2018 150.00   297 BIG 2008 13587 04/23/2018   C-2 Books

JCC Library | Contacts | JCC Home

Last Update on 23 September 2017
Copyright @ 2017-2020 JCC Rouf Library
Rouf Library, Jhenidah Cadet College (JCC), Bangladesh